| 000 | 01178cam a22002054a 4500 | ||
|---|---|---|---|
| 005 | 20250605164031.0 | ||
| 008 | 250528s ||||||||||||||||||||||||d | ||
| 035 | _a16649 | ||
| 020 | _a71378340 | ||
| 040 |
_aGR-AtMCL _bgre _dGR-AtMCL _eAACR2 |
||
| 245 | 1 | _aFinancial Analysis Tools and Techniques / A Guide for Managers | |
| 250 | _a1st | ||
| 260 |
_bMcgraw Hill, _c2001 |
||
| 300 | _a490 | ||
| 520 | _aThe book provides busy managers and professionals with the guidelines they need for conducting effective analyses and making sound economic trade-offs and business decisions. Preface, Introduction, The Challenge of Financial/ Economic Decision-Making, A Systems Context for Financial Management, Managing Operating Funds, Assessment of Business Performance, Projection of Financial Requirements, Dynamics and Growth of the Business System, Cash Flows and the Time Value of Money, Analysis of Investment Decisions, Cost of Capital and Business Decisions, Analysis of Financing Choices, Valuation and Business Performance, Managing for Shareholder Value, Appendixes, Index. | ||
| 700 | 1 |
_aHelfert Erich A _92733 |
|
| 942 | _cBK | ||
| 999 |
_c2125 _d2125 |
||